| 000 | 00976nam a2200217 i 4500 | ||
|---|---|---|---|
| 001 | 53681 | ||
| 003 | ES-MaACL | ||
| 005 | 20250904063048.0 | ||
| 007 | t| | ||
| 008 | 960704s1865 cu ||||1| spa d | ||
| 100 | 1 |
_aFernández de Castro, Manuel, _d1825-1895 _949645 |
|
| 245 | 1 | 0 |
_aDe la existencia de grandes mamíferos fósiles en la isla de Cuba : _bmemoria leída en la Academia de Ciencias Médicas, Físicas y Naturales de La Habana en la sesión del día 10 de julio de 1864 / _cpor D. Manuel Fernández de Castro. |
| 260 |
_aHabana : _bImp. y Librería "El Iris", _c1865. |
||
| 300 |
_a31 p., 1 h. de lám. ; _c24 cm. |
||
| 530 | _aDisponible en formato digital. | ||
| 650 | 4 |
_aFósiles- _zCuba. _912941 |
|
| 710 | 2 |
_aReal Academia de Ciencias Médicas, Físicas y Naturales de La Habana. _9134781 |
|
| 852 | 4 |
_aES-MaACL _jB-7999 |
|
| 856 | 4 |
_uhttp://bdh-rd.bne.es/viewer.vm?id=0000103607&page=1 _zBiblioteca Digital Hispánica |
|
| 999 |
_c53681 _d53681 |
||